000 00722nam a2200241Ia 4500
008 160216s9999 xx 000 0 und d
020 _a0-8058-3840-6
050 _aMAIN GN 514
050 _b.P79 2004
245 4 _aThe Psychological foundations of culture /
245 _cedited by Mark Schaller, Christian S. Crandall.
260 _aNew Jersey :
260 _bLawrence Erlbaum Associates, Publishers.
260 _c2004
300 _a384 pages :
300 _c23 cm.
500 _aIncludes bibliographical references and index.
650 _aCulture --
650 _aEthnopsychology.
650 _aSocial change --
650 _xOrigin -- Psychological aspects.
650 _xPsychological aspects.
999 _c290854
_d290854